| 000 | 00961nam a2200301 4500 | ||
|---|---|---|---|
| 003 | EG-GICUC | ||
| 005 | 20260121101330.0 | ||
| 008 | 251122s1962 us ||||fr|||| 001 0 eng d | ||
| 040 |
_a EG-GICUC _c EG-GICUC _d EG-GICUC _erda _beng |
||
| 041 | _heng | ||
| 082 | 0 | 4 |
_221 _a341.48 _bU N . Y |
| 092 | 0 | 4 | _221 |
| 099 | _aLaw1 REF 11 341.48 U N . Y 1962 | ||
| 110 |
_aUnited Nations. _bHuman Rights Committee. |
||
| 245 | 1 | 0 |
_aYearbook on human rights for 1960 / _cUnited Nations. |
| 264 |
_aNew York : _bUnited Nations, _c1962. |
||
| 300 |
_a448 page ; _c27 cm. |
||
| 336 |
_2rda content _atext |
||
| 337 |
_2rda media _aComputer |
||
| 338 |
_2rda carrier _aOnline Resource |
||
| 504 | _ainclude Bibliographic reference and index | ||
| 546 | _aText in English | ||
| 650 | 1 |
_2qrmak _aHuman Rights -- International Law |
|
| 651 | 1 | _2qrmak | |
| 856 | 4 | 0 | _uhttps://fll.law.cu.edu.eg/fulltext/bks/B11-05934.pdf |
| 905 |
_a75 _eYara |
||
| 942 |
_2ddc _n0 _cREF _e21 |
||
| 999 |
_c45255 _d45255 |
||